LEADER 00993cam0-22003371i-450- 001 990007378140403321 005 20070903102022.0 035 $a000737814 035 $aFED01000737814 035 $a(Aleph)000737814FED01 035 $a000737814 100 $a20021210d2000----km-y0itay50------ba 101 1 $aita 102 $aIT 105 $ay-------001yy 200 1 $aCostituzionalismo antico e moderno$fCharles Howard McIlwain$ga cura di Nicola Matteucci 205 $aNuova edizione 210 $aBologna$cIl Mulino$d2000 215 $a222 p.$d20 cm 225 1 $aUniversale paperbacks Il mulino$v248 610 0 $aCostituzionalismo 676 $a321.809$v21$zita 700 1$aMcIlwain,$bCharles Howard$0206357 702 1$aMatteucci,$bNicola$f<1926-2006> 801 0$aIT$bUNINA$gRICA$2UNIMARC 901 $aBK 912 $a990007378140403321 952 $aXII A 1481$b38392$fFSPBC 959 $aFSPBC 996 $aCostitutionalism: ancient and modern$938550 997 $aUNINA LEADER 01119nam a2200337 i 4500 001 991001200349707536 008 050905r2005 it a b 000 0 ita d 020 $a8847001870 035 $ab13335674-39ule_inst 040 $aDip.to Matematica$beng 082 0 $a515.35 084 $aAMS 37-01 084 $aAMS 37-01 084 $aAMS 37-02 084 $aAMS 34K 084 $aAMS 39-01 084 $aAMS 39A 100 1 $aSalinelli, Ernesto$041926 245 10$aModelli dinamici discreti /$cE. Salinelli, F. Tomarelli 260 $aMilano :$bSpringer,$cc2002 (2005 stampa con modifiche) 300 $axiii, 353 p. :$bill. ;$c24 cm 440 0$aUnitext 504 $aIncludes bibliographic references and appendices 650 0$aDynamical systems 700 1 $aTomarelli, Franco 907 $a.b13335674$b17-06-09$c05-09-05 912 $a991001200349707536 945 $aLE013 37-XX SAL11 (2005)$g1$i2013000290867$lle013$op$pE26.00$q-$rl$s- $t0$u5$v7$w5$x0$y.i14132904$z05-10-05 996 $aModelli dinamici discreti$9147365 997 $aUNISALENTO 998 $ale013$b05-09-05$cm$da $e-$fita$git $h0$i0